Del sumario como fase a la instruccin̤ como proceso penal Reflexiones de lege lata y propuestas de lege ferenda /

Detalles Bibliográficos
Autor principal: Libano Beristain, Arantza
Formato: eBook
Lenguaje:español
Publicado: Barcelona: J.M. Bosch Editor, 2020
Materias:
Acceso en línea:Acceso restringido

MARC

LEADER 00000nam a22000007a 4500
005 20220504231532.0
007 cr|||| ||||
008 220504s2020 es |||||s|||| 00||0 spa d
020 |a 978-84-122700-5-1 
035 |a 35600 
040 |a vLex 
090 |c 13289  |d 13289 
100 1 |a Libano Beristain, Arantza 
245 1 3 |a Del sumario como fase a la instruccin̤ como proceso penal  |h [Recurso electrn̤ico] :  |b Reflexiones de lege lata y propuestas de lege ferenda /  |c Arantza Libano Beristain 
256 |a Servicio en ln̕ea 
260 |a Barcelona:  |b J.M. Bosch Editor,  |c 2020 
300 |a 1 recurso electrn̤ico 
500 |a La presente monografa̕ constituye un estudio de naturaleza dogmt̀ica acerca de la instruccin̤ en la esfera penal. El objeto central de la obra radica en profundizar en los fundamentos ter̤icos de la referida institucin̤, trazando un repaso histr̤ico de las concepciones fundamentales sostenidas en relacin̤ con el particular por la doctrina procesal espaǫla. Dicho anl̀isis culmina con el establecimiento de una concepcin̤ personal de la instruccin̤ como proceso penal. Se trata de este modo de establecer, por un lado, un marco ter̤ico integral de la categora̕ de la instruccin̤ penal y, por otro, de perfi lar un diseǫ de dicha institucin̤ acorde con la realidad legislativa actualmente vigente en Espaą al amparo de la Ley de Enjuiciamiento Criminal de 1882. A nivel de estructura, la obra aborda, en primer lugar, la cuestin̤ relativa a la naturaleza jurd̕ica de la instruccin̤ penal, analizando las tesis administrativistas, jurisdiccionales y mixtas formuladas por la doctrina. Sobre dicha base se confi gura una concepcin̤ personal fundada en el carc̀ter eminentemente jurisdiccional de la institucin̤, fundamento de la teorizacin̤ que en materia de instruccin̤ penal se procede a llevar a cabo. Como eje central de la tesis sostenida en este punto se encuentra la categora̕ de la imputacin̤ (judicial). Partiendo del conjunto de premisas anteriores se procede al desarrollo de una concepcin̤ partidaria de entender la instruccin̤ como un proceso penal autn̤omo (y distinto del proceso decisorio), superando as ̕la visin̤ doctrinal mayoritaria favorable a concebirla como una mera fase existente en la primera instancia del proceso penal. 
506 1 |a Disponible solo en los productos indicados  |d vLex Global  |d vLex Global (Academic Edition, excluding Law Schools)  |d vLex Global (U.S. Academic Edition, Law Schools)  |d vLex Global (U.S. Academic Edition, excluding Law Schools)  |d vLex Global (Academic Edition, Law Schools) 
650 0 4 |a Derecho Procesal  |z Espaą 
650 0 4 |a Procedimiento Penal  |z Espaą 
740 0 |a vLex Libros (Servicio en ln̕ea) 
856 4 0 |u https://app.vlex.com/#/sources/35600  |z Acceso restringido 
942 |c BOOK 
999 0 |a Procedural Law 
999 0 |a Criminal Procedure